MARC

LEADER 00000nam0a2200000 4500
001 378833
005 20231102013034.0
035 |a (RuTPU)RU\TPU\retro\36294 
090 |a 378833 
100 |a 20230616d1979 km y0rusy50 ca 
101 0 |a rus 
102 |a RU 
105 |a a z 001zy 
200 1 |a Квадрафония  |f Ю. А. Вознесенский, Г. К. Клименко 
210 |a Москва  |c Энергия  |d 1979 
215 |a 96 с.  |c ил. 
225 1 |a Массовая радиобиблиотека  |v Вып. 986 
320 |a Библиогр.: с. 94 
606 1 |a Квадрафония  |2 stltpush  |3 (RuTPU)RU\TPU\subj\14184  |9 40643 
610 1 |a звуковоспроизведение 
610 1 |a квадрафоническое воспроизведение 
610 1 |a слушание 
610 1 |a звукопередача 
610 1 |a магнитная запись 
610 1 |a грамзапись 
610 1 |a грампластинки 
610 1 |a радиовещание 
610 1 |a четырехканальное звуковоспроизведение 
675 |a 681.84.087  |v 4 
700 1 |a Вознесенский  |b Ю. А.  |g Юрий Александрович 
701 1 |a Клименко  |b Г. К.  |g Геннадий Кузьмич 
801 1 |a RU  |b 63413507  |c 20230616 
942 |c BK